000 00836nam0a2200289 4500
001 RU\NLR\BIBL_A\011458946
005 20240727032303.0
010 _a9785986046273
_9300
021 _aRU
_b2017-54293
_93867
035 _a(RuMoRGB)008944001
035 _a(NLR Aleph) 011458946
090 _a11792342
_c11792342
100 _a20170821d2017 m y0rusy50 ca
101 0 _arus
102 _aRU
105 _ay z 000ay
200 1 _aОрмуаршурашу
_fЕлена Доброва
210 _aМосква
_cПробел-2000
_d2017
215 _a235, [1] с.
_d20
686 _aШ5(2=Р)64-644
_2rubbk
686 2 _aШ6(2=Р)8-440.4
700 1 _aДоброва
_bЕ. А.
_gЕлена Александровна
942 _cBOOK
980 _aNBR